[Event "Women's Speed Chess Q1"]
[Site "chess.com INT"]
[Date "2020.06.18"]
[Round "9"]
[White "Shuvalova, Polina"]
[Black "Goryachkina, Aleksandra"]
[Result "1/2-1/2"]
[WhiteTitle "WGM"]
[BlackTitle "GM"]
[WhiteElo "2454"]
[BlackElo "2582"]
[WhiteFideId "24171760"]
[BlackFideId "4147103"]
[EventDate "2020.06.18"]

1. e4 e6 2. d4 d5 3. Nc3 Bb4 4. e5 c5 5. a3 Ba5 6. b4 cxd4 7. Nb5 Bc7 8. Nf3 Bd7
9. Nbxd4 Ne7 10. Bb2 Nbc6 11. Nb5 O-O 12. Bd3 Ng6 13. Bxg6 fxg6 14. Nxc7 Qxc7
15. O-O Ne7 16. Rc1 Bb5 17. Re1 Nf5 18. Nd4 Nxd4 19. Bxd4 b6 20. Re3 Rf5 21. Qg4
Raf8 22. h3 Qf7 23. Rg3 g5 24. c3 h6 25. Rc2 Rf4 26. Qd1 Ba4 27. Qd2 Bxc2 28.
Qxc2 Qf5 29. Qa4 Qf7 30. Qc6 Qe8 31. Qb7 R4f7 32. Qa6 Qc8 33. Qd3 Rf5 34. Kh2
Qc4 35. Qd1 Qc6 36. Qd3 Qc4 37. Qd1 Qc6 38. Qd3 Qc4 1/2-1/2

[Event "Women's Speed Chess Q1"]
[Site "chess.com INT"]
[Date "2020.06.18"]
[Round "9"]
[White "Vakhania, Aleksandra"]
[Black "Aakanksha, Hagawane"]
[Result "0-1"]
[WhiteTitle "WIM"]
[BlackTitle "WIM"]
[WhiteElo "2138"]
[BlackElo "2238"]
[WhiteFideId "13602560"]
[BlackFideId "25014510"]
[EventDate "2020.06.18"]

1. d4 Nf6 2. Nf3 c5 3. e3 b6 4. c3 Bb7 5. Bd3 g6 6. O-O Bg7 7. a3 O-O 8. b4 d6
9. Bb2 Nbd7 10. Nbd2 a5 11. e4 e5 12. d5 Nh5 13. Re1 Nf4 14. Bf1 f5 15. exf5
Rxf5 16. g3 Nxd5 17. Bg2 Rf8 18. Nc4 N7f6 19. Ng5 Qe7 20. bxa5 b5 21. Nb6 Nxb6
22. axb6 Bxg2 23. Kxg2 Qb7+ 24. Qf3 Nd5 25. Qe4 Ra4 26. c4 Rxc4 27. Rad1 Rxe4
28. Nxe4 Nf6 29. f3 Nxe4 30. fxe4 Qxb6 31. Rd2 c4 32. Bc3 Bh6 33. Rde2 Qc6 34.
Rd1 Ra8 35. Bb4 Bf8 36. Kf3 Qb7 37. Red2 c3 38. Rd5 c2 39. Rc1 Qc6 40. Rd2 d5
41. exd5 Qf6+ 42. Kg2 Bxb4 43. axb4 Rc8 44. d6 Rd8 45. d7 Rxd7 0-1

[Event "Women's Speed Chess Q1"]
[Site "chess.com INT"]
[Date "2020.06.18"]
[Round "9"]
[White "Khomeriki, Nino"]
[Black "Khalafova, Narmin"]
[Result "1-0"]
[WhiteTitle "WGM"]
[BlackTitle "WGM"]
[WhiteElo "2319"]
[BlackElo "2279"]
[WhiteFideId "13603191"]
[BlackFideId "13402625"]
[EventDate "2020.06.18"]

1. d4 g6 2. Nf3 Bg7 3. c4 d6 4. g3 Bg4 5. Nc3 Nc6 6. d5 Bxf3 7. exf3 Nd4 8. Be3
c5 9. dxc6 Nxc6 10. f4 Nf6 11. Bg2 O-O 12. O-O Nd7 13. Nd5 Rc8 14. Rc1 Bxb2 15.
Rb1 Bg7 16. Rxb7 e6 17. Nb4 Na5 18. Rxa7 Nxc4 19. Bd4 d5 20. Bxg7 Kxg7 21. f5
gxf5 22. g4 fxg4 23. Qxg4+ Kh8 24. Re1 Nde5 25. Qf4 Ng6 26. Qd4+ Kg8 27. Bxd5
exd5 28. Nxd5 Qg5+ 29. Kh1 Rc6 30. Rg1 Qe5 31. Ne7+ Kg7 32. Nxc6 Qxd4 33. Nxd4
Rd8 34. Ne6+ Kf6 35. Nxd8 1-0

[Event "Women's Speed Chess Q1"]
[Site "chess.com INT"]
[Date "2020.06.18"]
[Round "9"]
[White "Gokbulut, Julia"]
[Black "Tian, Shi Yuan"]
[Result "1-0"]
[WhiteTitle "WFM"]
[BlackTitle "WFM"]
[WhiteElo "1970"]
[BlackElo "1868"]
[WhiteFideId "4153979"]
[BlackFideId "2623960"]
[EventDate "2020.06.18"]

1. d4 d5 2. c4 e6 3. Nc3 Be7 4. Nf3 c6 5. e3 Nf6 6. b3 O-O 7. Bd3 c5 8. O-O cxd4
9. exd4 Nc6 10. Ne2 dxc4 11. bxc4 b6 12. Bb2 Bb7 13. a3 Rc8 14. Rc1 Re8 15. Bb1
Nd7 16. Qd3 Nf8 17. d5 exd5 18. cxd5 Nb8 19. Rxc8 Bxc8 20. Rd1 Bf6 21. Bxf6 Qxf6
22. Ng3 Ba6 23. Qd2 Rd8 24. Nh5 Qd6 25. Qd4 f6 26. Qg4 Qe7 27. d6 Bc8 28. Qxc8
Qe2 29. Qc2 Qxc2 30. Bxc2 Nc6 31. Nf4 Ne5 32. Bb3+ Kh8 33. Nxe5 fxe5 34. Ne6
Nxe6 35. Bxe6 g6 36. d7 Kg7 37. f3 Kf6 38. Bh3 Ke7 39. Kf2 1-0

[Event "Women's Speed Chess Q1"]
[Site "chess.com INT"]
[Date "2020.06.18"]
[Round "9"]
[White "Kanyamarala, Trisha"]
[Black "Mikheeva, Galina"]
[Result "1-0"]
[WhiteTitle "WIM"]
[BlackTitle "WFM"]
[WhiteElo "2193"]
[BlackElo "1901"]
[WhiteFideId "45004722"]
[BlackFideId "44108320"]
[EventDate "2020.06.18"]

1. d4 Nf6 2. c4 e6 3. Nc3 d5 4. cxd5 exd5 5. Bg5 Nbd7 6. e3 c6 7. Bd3 Be7 8.
Nge2 O-O 9. O-O Re8 10. Qc2 Nf8 11. Rae1 Ng6 12. Nf4 Ne4 13. Bxe7 Qxe7 14. Nxg6
hxg6 15. f3 Nxc3 16. bxc3 Qg5 17. e4 dxe4 18. fxe4 Bg4 19. Qf2 Re7 20. Bc4 Rf8
21. Re3 Be6 22. d5 cxd5 23. exd5 Bf5 24. Rg3 Qh4 25. Bb3 Qe4 26. c4 Qe2 27. Qc5
b6 28. Qd4 Re4 29. Qc3 Rfe8 30. Rxf5 Re3 31. Rf2 Rxc3 32. Rxe2 Rc1+ 33. Kf2
Rxe2+ 34. Kxe2 Rc3 35. Rxc3 1-0

[Event "Women's Speed Chess Q1"]
[Site "chess.com INT"]
[Date "2020.06.18"]
[Round "9"]
[White "Demchenko, Svitlana"]
[Black "Gaponenko, Inna"]
[Result "0-1"]
[WhiteTitle "WIM"]
[BlackTitle "IM"]
[WhiteElo "2071"]
[BlackElo "2396"]
[WhiteFideId "14149893"]
[BlackFideId "14101181"]
[EventDate "2020.06.18"]

1. e4 g6 2. d4 Bg7 3. Be3 d6 4. Bd3 c5 5. c3 Nc6 6. d5 Ne5 7. Be2 Nf6 8. Nd2 O-O
9. h3 e6 10. f4 Ned7 11. dxe6 fxe6 12. Ngf3 d5 13. e5 Nh5 14. f5 Ng3 15. Rg1
Nxf5 16. Bg5 Qb6 17. g4 Nh6 18. Qc2 Nf7 19. Be7 Re8 20. Bf6 Nxf6 21. exf6 Bxf6
22. O-O-O Bd7 23. Bd3 e5 24. g5 Bg7 25. Nh2 e4 26. Be2 Bf5 27. Bg4 e3 28. Bxf5
exd2+ 29. Rxd2 gxf5 30. Qxf5 Qe6 31. Qf3 Ne5 32. Qg3 c4 33. Kb1 Rf8 34. Ka1 Rae8
35. Re2 Qg6 36. Qg2 Qf7 37. Rf1 Qd7 38. Rg1 b5 39. Rd2 Rd8 40. Rgd1 Qf7 41. a3
a5 42. Rxd5 Rxd5 43. Rxd5 b4 44. Rxa5 bxc3 45. bxc3 Nd3 46. Qc2 Qc7 47. Rd5 Qe7
48. Ka2 Ra8 0-1

[Event "Women's Speed Chess Q1"]
[Site "chess.com INT"]
[Date "2020.06.18"]
[Round "9"]
[White "Gevorgyan, Maria"]
[Black "Padmini, Rout"]
[Result "0-1"]
[WhiteTitle "WGM"]
[BlackTitle "IM"]
[WhiteElo "2228"]
[BlackElo "2370"]
[WhiteFideId "13300270"]
[BlackFideId "5029295"]
[EventDate "2020.06.18"]

1. e4 e5 2. Nf3 Nc6 3. d4 exd4 4. Nxd4 Qf6 5. Nf3 Bb4+ 6. c3 Bc5 7. Bg5 Qg6 8.
Bd3 d6 9. b4 Bb6 10. a4 a5 11. b5 Ne5 12. Nxe5 Qxg5 13. Nf3 Qxg2 14. Rf1 Bh3 15.
Nbd2 Nf6 16. Qe2 Ng4 17. O-O-O Nxf2 18. Nh4 Qg4 19. Rxf2 Qxh4 20. Rf3 Bg4 21.
Bc4 Bxf3 22. Qxf3 O-O 23. Rf1 Kh8 24. Qf5 Be3 25. Kd1 Bxd2 26. Kxd2 c6 27. Rf3
g6 28. Qd7 d5 29. Be2 Rad8 30. Qh3 dxe4+ 31. Kc2 Qg5 32. Re3 f5 33. bxc6 bxc6
34. Bc4 Qg1 35. Re2 Qd1+ 36. Kb2 Rb8+ 37. Ka3 Qa1+ 38. Ba2 Qc1+ 0-1

[Event "Women's Speed Chess Q1"]
[Site "chess.com INT"]
[Date "2020.06.18"]
[Round "9"]
[White "Yakimova, Mariya"]
[Black "Lahav, Michal"]
[Result "1-0"]
[WhiteTitle "WFM"]
[BlackTitle "WIM"]
[WhiteElo "2269"]
[BlackElo "2219"]
[WhiteFideId "34188859"]
[BlackFideId "2813742"]
[EventDate "2020.06.18"]

1. d4 Nf6 2. c4 e6 3. g3 c5 4. d5 exd5 5. cxd5 d6 6. Nc3 g6 7. Nf3 Bg7 8. Bg2
O-O 9. O-O Re8 10. Nd2 a6 11. a4 Nbd7 12. h3 Rb8 13. a5 Qe7 14. Re1 b5 15. axb6
Nxb6 16. Qc2 Nh5 17. Nf1 Bb7 18. Ra2 Bxc3 19. bxc3 Nxd5 20. Bh6 Nhf6 21. Rb1 Qe5
22. Rb3 Qh5 23. Bc1 Bc6 24. Rxb8 Rxb8 25. Rxa6 Rc8 26. e4 Ne7 27. Bf4 Ne8 28.
Ra7 Kf8 29. Qd3 d5 30. exd5 Nxd5 31. Qc4 Nxf4 32. Qxf7# 1-0

[Event "Women's Speed Chess Q1"]
[Site "chess.com INT"]
[Date "2020.06.18"]
[Round "9"]
[White "Tsukerman, Julia"]
[Black "Shvedova, Alexandra"]
[Result "0-1"]
[WhiteTitle "WCM"]
[BlackTitle "WFM"]
[WhiteElo "1523"]
[BlackElo "1994"]
[WhiteFideId "2621649"]
[BlackFideId "54154782"]
[EventDate "2020.06.18"]

1. e4 e5 2. Nf3 Nc6 3. Bb5 Nf6 4. d3 d6 5. c3 g6 6. O-O Bg7 7. Nbd2 O-O 8. Re1
a6 9. Ba4 b5 10. Bb3 d5 11. exd5 Nxd5 12. Ne4 h6 13. h3 Kh7 14. Ng3 f5 15. a4
Rb8 16. axb5 axb5 17. Qc2 Be6 18. Bd2 Bg8 19. Ba2 Nf4 20. Bxg8+ Rxg8 21. d4 e4
22. Nxe4 fxe4 23. Qxe4 Nd5 24. Nh4 Bf6 25. Nf3 Qd7 26. Ne5 Nxe5 27. dxe5 Rbe8
28. Qd4 Bg7 29. Rad1 Nb6 30. Qc5 Qf5 31. Qxb5 Rxe5 32. Qc6 Rc5 33. Qb7 Rf8 34.
Be3 Re5 35. Qxc7 Nd5 36. Qa7 Nxe3 37. fxe3 Qf2+ 38. Kh1 Rg5 39. Rg1 Rf7 40. Rd7
Rxd7 41. Qxd7 Qxb2 42. c4 Qc3 43. Qf7 Qxe3 44. Rd1 Qe4 45. Qf1 Rh5 46. Kh2 Be5+
47. g3 Rf5 48. Qd3 Rf2+ 0-1

[Event "Women's Speed Chess Q1"]
[Site "chess.com INT"]
[Date "2020.06.18"]
[Round "9"]
[White "Nurmanova, Alua"]
[Black "Cramling, Pia"]
[Result "1-0"]
[WhiteTitle "WFM"]
[BlackTitle "GM"]
[WhiteElo "2026"]
[BlackElo "2464"]
[WhiteFideId "13729390"]
[BlackFideId "1700030"]
[EventDate "2020.06.18"]

1. e4 c5 2. Nf3 d6 3. d4 cxd4 4. Nxd4 Nf6 5. Nc3 Nc6 6. Bc4 Qb6 7. Be3 Qxb2 8.
Ndb5 Qb4 9. Qe2 Qa5 10. Bd2 Qd8 11. Nd5 Nxd5 12. exd5 Ne5 13. Bb3 a6 14. f4 Ng4
15. Na3 Nf6 16. Nc4 Qc7 17. Bb4 e6 18. dxe6 fxe6 19. O-O-O d5 20. Bxf8 Rxf8 21.
Ne5 Bd7 22. f5 O-O-O 23. Nxd7 Rxd7 24. fxe6 Rd6 25. Rhf1 Re8 26. Rfe1 Ne4 27.
Qg4 1-0

[Event "Women's Speed Chess Q1"]
[Site "chess.com INT"]
[Date "2020.06.18"]
[Round "9"]
[White "Schulze, Lara"]
[Black "Dauletova, Gulmira"]
[Result "0-1"]
[WhiteTitle "FM"]
[BlackTitle "WIM"]
[WhiteElo "2314"]
[BlackElo "2319"]
[WhiteFideId "12956830"]
[BlackFideId "13702971"]
[EventDate "2020.06.18"]

1. e4 c5 2. Nf3 e6 3. d4 cxd4 4. Nxd4 Nc6 5. Nc3 Qc7 6. Be3 a6 7. a3 Nf6 8. f4
d6 9. Qf3 Be7 10. O-O-O O-O 11. g4 Nxd4 12. Bxd4 e5 13. fxe5 dxe5 14. Qg3 Bd6
15. Bg1 Bxg4 16. Rd2 Rac8 17. Nd5 Nxd5 18. Qxg4 Nf6 19. Qf3 Bc5 20. Rg2 Qb6 21.
Bxc5 Rxc5 22. Rhg1 g6 23. h4 Rfc8 24. Bd3 Nd7 25. h5 Nf8 26. Rf1 Qe6 27. Qe3 b5
28. Qg5 R5c6 29. Rgf2 R8c7 30. Rf6 Qa2 31. hxg6 hxg6 32. Qh6 Rxf6 33. Kd2 Rxf1
34. Bxf1 0-1

[Event "Women's Speed Chess Q1"]
[Site "chess.com INT"]
[Date "2020.06.18"]
[Round "9"]
[White "Mrudul, Dehankar"]
[Black "Tarini, Goyal"]
[Result "0-1"]
[WhiteTitle "WIM"]
[BlackTitle "WFM"]
[WhiteElo "2256"]
[BlackElo "2164"]
[WhiteFideId "25096990"]
[BlackFideId "5082749"]
[EventDate "2020.06.18"]

1. e4 c6 2. d4 d5 3. Nd2 dxe4 4. Nxe4 Bf5 5. Ng3 Bg6 6. h4 h6 7. Nh3 e6 8. Nf4
Bh7 9. Bc4 Nf6 10. O-O Nbd7 11. Re1 Be7 12. c3 O-O 13. Qf3 Re8 14. Nd3 Nd5 15.
Ne5 Nxe5 16. Rxe5 Bxh4 17. Nh5 Bg6 18. Bb3 Bf6 19. Nxf6+ Qxf6 20. Qg3 a5 21. a3
Rad8 22. c4 Ne7 23. Be3 Nf5 24. Qg4 Nxe3 25. fxe3 Bf5 26. Qf3 Qg6 27. Rxa5 Be4
28. Qf2 b6 29. Ra7 c5 30. Rf1 Rf8 31. Ra6 cxd4 32. exd4 Rxd4 33. Rxb6 Rd3 34.
Bd1 Bxg2 35. Rxe6 Qxe6 36. Qxg2 Rd4 37. Bf3 Qxc4 38. b4 Rfd8 39. Qg3 Qe6 40. Bh5
g6 41. b5 Rd3 42. Bf3 Qb6+ 43. Kh1 Qxb5 44. Qf4 Qg5 0-1

[Event "Women's Speed Chess Q1"]
[Site "chess.com INT"]
[Date "2020.06.18"]
[Round "9"]
[White "Zhukova, Natalia"]
[Black "Mendoza, Beverly"]
[Result "1-0"]
[WhiteTitle "GM"]
[BlackTitle "WIM"]
[WhiteElo "2328"]
[BlackElo "1945"]
[WhiteFideId "14101513"]
[BlackFideId "5201250"]
[EventDate "2020.06.18"]

1. c4 Nf6 2. Nc3 g6 3. e4 e5 4. Nf3 Nc6 5. d4 exd4 6. Nxd4 Bg7 7. Nxc6 bxc6 8.
Be2 Qe7 9. O-O O-O 10. Bf3 d6 11. e5 Qxe5 12. Bxc6 Rb8 13. Bf3 Be6 14. Re1 Qa5
15. Be2 Nd7 16. Nb5 a6 17. Bd2 Qb6 18. Be3 Qa5 19. Nd4 Rxb2 20. Nc6 Qa3 21. Bc1
Kh8 22. Bxb2 Bxb2 23. Nd4 Bxa1 24. Qxa1 Nc5 25. Nxe6+ f6 26. Nxf8 Kg7 27. Bf3
Kf7 28. Bd5+ Kxf8 29. Qxf6# 1-0

[Event "Women's Speed Chess Q1"]
[Site "chess.com INT"]
[Date "2020.06.18"]
[Round "9"]
[White "Golubenko, Valentina"]
[Black "Martynkova, Olena"]
[Result "1-0"]
[WhiteTitle "WGM"]
[BlackTitle "WIM"]
[WhiteElo "2209"]
[BlackElo "2222"]
[WhiteFideId "4501993"]
[BlackFideId "14134039"]
[EventDate "2020.06.18"]

1. d4 Nf6 2. Nf3 g6 3. g3 Bg7 4. Bg2 O-O 5. O-O d6 6. d5 c5 7. dxc6 Nxc6 8. c4
Be6 9. Nbd2 h6 10. e4 Rc8 11. Rb1 Ne5 12. Nxe5 dxe5 13. b3 Nd7 14. Bb2 Nc5 15.
Nf3 Qxd1 16. Rfxd1 Bg4 17. h3 Bxf3 18. Bxf3 Rcd8 19. Rd5 Ne6 20. Bxe5 Bxe5 21.
Rxe5 Rd2 22. Bg4 Ng5 23. h4 Nh7 24. Rxe7 Rxa2 25. Rxb7 Nf6 26. Bf3 a5 27. Rd1
Re8 28. Rd4 a4 29. bxa4 Rxa4 30. Rb6 Kg7 31. Rc6 Re5 32. Kg2 g5 33. hxg5 hxg5
34. g4 Rb4 35. Rc7 Ra4 36. Rd6 Nxe4 37. Rdd7 Ra2 38. Rxf7+ Kg6 39. Rg7+ Kh6 40.
Rh7+ Kg6 41. Rcg7+ Kf6 42. Rf7+ Kg6 43. Bd1 Rxf2+ 44. Rxf2 Kxh7 45. Bc2 Kg7 46.
Re2 1-0

[Event "Women's Speed Chess Q1"]
[Site "chess.com INT"]
[Date "2020.06.18"]
[Round "9"]
[White "Socko, Monika"]
[Black "Rakhmangulova, Anastasiya"]
[Result "1-0"]
[WhiteTitle "GM"]
[BlackTitle "WIM"]
[WhiteElo "2428"]
[BlackElo "2191"]
[WhiteFideId "1106619"]
[BlackFideId "14117479"]
[EventDate "2020.06.18"]

1. d4 d5 2. c4 c6 3. Nf3 Nf6 4. Nbd2 Bf5 5. g3 Ne4 6. Bg2 e6 7. O-O Be7 8. b3
O-O 9. Bb2 Nd7 10. Rc1 Qa5 11. a3 Ndf6 12. b4 Qc7 13. cxd5 exd5 14. Nb3 Nd6 15.
Ne5 Nd7 16. Bxd5 Rad8 17. Nxd7 Qxd7 18. Nc5 Qc8 19. Bg2 b5 20. e4 Bh3 21. Qe2
Nc4 22. Rcd1 Rfe8 23. Bc1 Bf8 24. e5 Bxg2 25. Kxg2 Rd5 26. f4 Red8 27. Nb3 Qa8
28. Qf3 a5 29. bxa5 Nxa5 30. Nxa5 Qxa5 31. Bb2 Qa4 32. f5 c5 33. e6 cxd4 34.
Rde1 Bc5 35. e7 Bxe7 36. Rxe7 Kf8 37. f6 d3 38. Qe3 Qa8 39. fxg7+ Kg8 40. Qf3 d2
41. Qxf7# 1-0

[Event "Women's Speed Chess Q1"]
[Site "chess.com INT"]
[Date "2020.06.18"]
[Round "9"]
[White "Azhar, Puteri Munajjah Az-Zahraa"]
[Black "Gvanceladze, Anna"]
[Result "0-1"]
[WhiteTitle "WIM"]
[BlackTitle "WFM"]
[WhiteElo "2046"]
[BlackElo "2254"]
[WhiteFideId "5709040"]
[BlackFideId "4113721"]
[EventDate "2020.06.18"]

1. d4 d5 2. Nf3 Nf6 3. c4 c6 4. Nc3 dxc4 5. a4 Na6 6. e4 Bg4 7. Be3 e6 8. Bxc4
Nb4 9. O-O Be7 10. Be2 Qa5 11. h3 Bh5 12. Qb3 O-O 13. e5 Nfd5 14. Nxd5 Nxd5 15.
Bd2 Qb6 16. Qxb6 axb6 17. Rfe1 Rfd8 18. Nh2 Bg6 19. Nf3 Be4 20. Bc3 Bb4 21. Rec1
h6 22. Nd2 Bg6 23. Bc4 Be7 24. Nf3 Nb4 25. b3 Bh5 26. g4 Bg6 27. Kg2 Be4 28. Kg3
Rd7 29. Bxb4 Bxb4 30. Rd1 Rad8 31. Rac1 Bxf3 32. Kxf3 Rxd4 33. Rxd4 Rxd4 34. Rc2
g5 35. Re2 Kg7 36. Kg3 Kg6 37. Kf3 h5 38. Kg3 h4+ 39. Kg2 Rd1 40. Kf3 Rb1 41.
Kg2 b5 42. axb5 Kg7 43. bxc6 bxc6 44. Kf3 Rd1 45. Kg2 Rc1 46. Kf3 Bc5 47. Kg2
Rc3 0-1

[Event "Women's Speed Chess Q1"]
[Site "chess.com INT"]
[Date "2020.06.18"]
[Round "9"]
[White "Divya, Deshmukh"]
[Black "Muminova, Nafisa"]
[Result "1-0"]
[WhiteTitle "WIM"]
[BlackTitle "WGM"]
[WhiteElo "2305"]
[BlackElo "2274"]
[WhiteFideId "35006916"]
[BlackFideId "14201526"]
[EventDate "2020.06.18"]

1. e4 e6 2. d3 d5 3. Nd2 Nc6 4. g3 dxe4 5. dxe4 e5 6. Bg2 Bc5 7. Ngf3 Nf6 8. O-O
O-O 9. Qe2 b6 10. Rd1 Qe7 11. h3 a5 12. Nf1 Ba6 13. c4 Bb7 14. g4 Rad8 15. Bd2
Nd4 16. Nxd4 Rxd4 17. Ng3 g6 18. Bc3 Rdd8 19. b3 Nd7 20. Kh2 Bd6 21. Bd2 Nc5 22.
Bh6 Rfe8 23. Rd2 Ne6 24. Nf1 Bc5 25. Be3 Qh4 26. Bxc5 bxc5 27. Rad1 Rd4 28. Qe3
Nf4 29. f3 Red8 30. Qc3 g5 31. Qxa5 R8d6 32. Rxd4 exd4 33. Ng3 Rc6 34. Qb5 Rb6
35. Qe8+ Kg7 36. Nf5+ Kf6 37. e5+ Kg6 38. Qg8# 1-0

[Event "Women's Speed Chess Q1"]
[Site "chess.com INT"]
[Date "2020.06.18"]
[Round "9"]
[White "Skuhala, Barbara"]
[Black "Chitlange, Sakshi"]
[Result "0-1"]
[WhiteTitle "WFM"]
[BlackTitle "WIM"]
[WhiteElo "2095"]
[BlackElo "2167"]
[WhiteFideId "14605465"]
[BlackFideId "35002899"]
[EventDate "2020.06.18"]

1. e4 c6 2. d4 d5 3. f3 dxe4 4. fxe4 e5 5. Nf3 Bg4 6. Bc4 Bh5 7. O-O Nd7 8. c3
Ngf6 9. Qc2 Bd6 10. Nbd2 Qc7 11. b4 O-O 12. a4 a5 13. b5 cxb5 14. Bxb5 exd4 15.
Bb2 dxc3 16. Qxc3 Qxc3 17. Bxc3 Bxf3 18. gxf3 Be5 19. Bxe5 Nxe5 20. f4 Nc6 21.
e5 Nd5 22. Nc4 Ncb4 23. Nd6 b6 24. Rad1 Ne3 25. Rfe1 Nxd1 26. Rxd1 g6 27. Kf2
Kg7 28. h4 Ra7 29. f5 f6 30. e6 Re7 31. Kf3 Kh8 32. Kf4 Rc7 33. Re1 Nd5+ 34. Kg4
Ne7 35. fxg6 hxg6 36. h5 g5 37. h6 Kh7 38. Bd3+ Kxh6 39. Rh1+ Kg7 40. Rh7+ Kg8
41. Nf7 f5+ 42. Bxf5 Nxf5 43. Rh8+ Kg7 44. Rxf8 Ne3+ 0-1

[Event "Women's Speed Chess Q1"]
[Site "chess.com INT"]
[Date "2020.06.18"]
[Round "9"]
[White "Soumya, Swaminathan"]
[Black "Sakorenko, Adriana"]
[Result "0-1"]
[WhiteTitle "IM"]
[BlackTitle "WFM"]
[WhiteElo "2351"]
[BlackElo "2216"]
[WhiteFideId "5016193"]
[BlackFideId "34130249"]
[EventDate "2020.06.18"]

1. Nf3 d5 2. c4 c6 3. b3 Nf6 4. Bb2 Bf5 5. d3 e6 6. Nbd2 h6 7. g3 Nbd7 8. Bg2
Be7 9. O-O O-O 10. a3 Bh7 11. b4 a5 12. Bc3 axb4 13. axb4 Qc7 14. Qb3 b5 15.
cxb5 cxb5 16. Qb2 Nb6 17. Be5 Qd7 18. h3 Rxa1 19. Rxa1 Na4 20. Qd4 Rc8 21. Nb3
Ne8 22. g4 f6 23. Bg3 e5 24. Nxe5 fxe5 25. Bxd5+ Kh8 26. Bxe5 Bf6 27. Bxf6 Nxf6
28. Bf3 Qe7 29. Na5 Qe6 30. Nb7 Nd7 31. Qd6 Qxd6 32. Nxd6 Rb8 33. Rc1 Ne5 34.
Bd5 Bg8 35. Bxg8 Kxg8 36. Rc5 Nxc5 37. bxc5 b4 38. c6 Nxc6 0-1

[Event "Women's Speed Chess Q1"]
[Site "chess.com INT"]
[Date "2020.06.18"]
[Round "9"]
[White "Bivol, Alina"]
[Black "Zhao, Xue"]
[Result "0-1"]
[WhiteTitle "WGM"]
[BlackTitle "GM"]
[WhiteElo "2386"]
[BlackElo "2486"]
[WhiteFideId "4100123"]
[BlackFideId "8601283"]
[EventDate "2020.06.18"]

1. Nf3 Nf6 2. g3 b5 3. Bg2 d5 4. O-O e6 5. d4 Nbd7 6. Nbd2 c5 7. dxc5 Nxc5 8.
Nd4 Qb6 9. c3 Bd6 10. a4 bxa4 11. c4 Ba6 12. cxd5 exd5 13. b3 Be5 14. N2f3 Bxd4
15. Nxd4 axb3 16. Ba3 Bc4 17. Nf5 O-O 18. Qd4 Ncd7 19. Qh4 Rfc8 20. Qg5 Ne8 21.
Ne7+ Kh8 22. Nxc8 Rxc8 23. Bxd5 Bxe2 24. Rfe1 Bd3 25. Bxf7 Nef6 26. Bb2 Rc2 27.
Qe3 Qxe3 28. Rxe3 Bg6 29. Bxf6 Bxf7 30. Bd4 h5 31. Rxa7 Rd2 32. Rxd7 b2 33. Rb7
Rd1+ 34. Kg2 Bd5+ 0-1

[Event "Women's Speed Chess Q1"]
[Site "chess.com INT"]
[Date "2020.06.18"]
[Round "9"]
[White "Dubnikova, Anastasia"]
[Black "Burtasova, Anna"]
[Result "0-1"]
[WhiteTitle "WFM"]
[BlackTitle "WGM"]
[WhiteElo "2148"]
[BlackElo "2261"]
[WhiteFideId "44153759"]
[BlackFideId "4150740"]
[EventDate "2020.06.18"]

1. Nf3 d5 2. c4 c6 3. d4 a6 4. Qc2 b5 5. cxd5 cxd5 6. Bf4 e6 7. e3 Nf6 8. Bc7
Qe7 9. Nbd2 Bb7 10. Ne5 Nc6 11. Nxc6 Qxc7 12. Nb4 Qxc2 13. Nxc2 Rc8 14. Bd3 Bd6
15. Ke2 O-O 16. Rac1 g6 17. a3 e5 18. dxe5 Bxe5 19. Nd4 Rfe8 20. N2f3 Bd6 21. h4
h5 22. Nb3 Ne4 23. Nfd4 Rxc1 24. Rxc1 Be5 25. Bxe4 dxe4 26. Nc5 Bc8 27. b4 Bg4+
28. Kd2 Bf6 29. Nxa6 Bxh4 30. Nc7 Rd8 31. Nxb5 Bxf2 32. a4 f5 33. Rf1 Bg3 34. a5
Be5 35. a6 f4 36. a7 f3 37. gxf3 exf3 38. Ra1 Ra8 39. Nc6 Bxa1 40. Nc7 Rxa7 41.
Nxa7 f2 42. Na6 f1=Q 43. b5 Qd1# 0-1

[Event "Women's Speed Chess Q1"]
[Site "chess.com INT"]
[Date "2020.06.18"]
[Round "9"]
[White "Solozhenkina, Elizaveta"]
[Black "Huda, Maryana"]
[Result "1-0"]
[WhiteTitle "WIM"]
[BlackTitle "WGM"]
[WhiteElo "2301"]
[BlackElo "2128"]
[WhiteFideId "34106615"]
[BlackFideId "14116553"]
[EventDate "2020.06.18"]

1. Nf3 d5 2. g3 Nf6 3. Bg2 Bf5 4. O-O e6 5. d3 h6 6. Nbd2 Bh7 7. b3 Bc5 8. Bb2
Qe7 9. a3 a5 10. Re1 Nc6 11. h3 O-O 12. e4 dxe4 13. dxe4 e5 14. Qe2 Ra6 15. Qc4
Nd7 16. Nf1 Nb6 17. Qe2 Raa8 18. N1h2 Rfd8 19. Ng4 f6 20. Qb5 h5 21. Ngh2 g5 22.
c3 Kg7 23. b4 Bd6 24. Qe2 Bg8 25. Nd2 Bf7 26. Nhf1 Na4 27. Rab1 Na7 28. Ne3 Ba2
29. Nf5+ Kg6 30. Nxe7+ Bxe7 31. Nc4 Bxb1 32. Rxb1 axb4 33. cxb4 c6 34. Bf3 Rh8
35. Ne3 Nb5 36. Nf5 Bf8 37. Qc2 Rh7 38. Rd1 Rc7 39. Qe2 1-0

[Event "Women's Speed Chess Q1"]
[Site "chess.com INT"]
[Date "2020.06.18"]
[Round "9"]
[White "Vifleemskaia, Svetlana"]
[Black "Palmero Martinez, Rachel"]
[Result "0-1"]
[WhiteTitle "WFM"]
[BlackTitle "WFM"]
[WhiteElo "1943"]
[BlackElo "2099"]
[WhiteFideId "4129490"]
[BlackFideId "3516466"]
[EventDate "2020.06.18"]

1. d4 d6 2. e4 Nf6 3. Nc3 e5 4. dxe5 dxe5 5. Qxd8+ Kxd8 6. Bg5 Be6 7. O-O-O+ Nd7
8. Nd5 Kc8 9. f3 c6 10. Nxf6 gxf6 11. Be3 f5 12. exf5 Bxf5 13. Bd3 Bg6 14. g4
Bc5 15. Bh6 Kc7 16. Ne2 Rhe8 17. Ng3 Nf6 18. Rhe1 b5 19. Ne4 Nxe4 20. Bxe4 a5
21. c3 a4 22. a3 Re6 23. Bg5 h5 24. h4 Bf2 25. Re2 Bxe4 26. fxe4 Bg3 27. gxh5
Rh8 28. h6 f6 29. Rg2 fxg5 30. Rxg3 gxh4 31. Rg7+ Kb6 32. c4 Rhxh6 33. cxb5 Kxb5
34. Rd2 Ref6 35. Rgg2 h3 36. Rh2 Rf3 37. Rde2 c5 38. Kd2 Kc4 39. Re3 Rxe3 40.
Kxe3 Kb3 41. Kf3 c4 42. Kg4 c3 43. bxc3 Kxa3 44. Kf5 Kb3 45. Kxe5 a3 46. Kf5 a2
47. Rh1 Kb2 48. Rh2+ Kb3 49. Rh1 h2 50. Kg5 Rh8 51. e5 Kb2 52. e6 a1=Q 53. Rxa1
Kxa1 0-1